[Event "Challenge"]
[Site "http://www.queenalice.com/game.php?id=248737"]
[Date "2007.7.31"]
[Round "-"]
[White "bruno1970"]
[Black "Malpaso"]
[Result "0-1"]
[WhiteElo "1961"]
[BlackElo "2192"]

1. e4 c5 2. Nf3 Nc6 3. d4 cxd4 4. Nxd4 Nf6 5. Nc3 e5 6. Ndb5 Bb4 7. Nd6+ Ke7 8.
Nxc8+ Rxc8 9. Qd3 d5 10. exd5 Qxd5 11. Bd2 Bxc3 12. Bxc3 Rhd8 13. f3 Qc5 14. Qb5
Qe3+ 15. Qe2 Qxe2+ 16. Bxe2 Nd5 17. Bd2 Ncb4 0-1

[Event "Challenge"]
[Site "http://www.queenalice.com/game.php?id=248738"]
[Date "2007.7.31"]
[Round "-"]
[White "bruno1970"]
[Black "FOS2006"]
[Result "1-0"]
[WhiteElo "1808"]
[BlackElo "1629"]

1. e4 e5 2. Nf3 d6 3. d4 f6 4. Nc3 c6 5. dxe5 fxe5 6. h3 Be6 7. Ng5 Qe7 8. Nxe6
Qxe6 9. b3 Nf6 10. Bc4 Qd7 11. f3 b5 12. Bd3 Na6 13. a4 Nb4 14. axb5 Nxd3+ 15.
Qxd3 Be7 16. bxc6 Qxc6 17. Nd5 Nxd5 18. exd5 Qc5 19. Be3 Qb4+ 20. Ke2 Qb7 21.
Ra6 Bd8 22. Rha1 O-O 23. Rxa7 Rxa7 24. Rxa7 Qb4 25. Qc4 Qxc4+ 26. bxc4 Bf6 27.
Rd7 Rd8 28. Rxd8+ Bxd8 29. c5 dxc5 30. Bxc5 Kf7 31. c4 Kf6 32. Ke3 g5 33. Ke4 h6
34. g4 Ba5 35. Bf8 Kg6 36. Kxe5 Bc3+ 37. Ke6 h5 38. d6 hxg4 39. fxg4 Bf6 40. Be7
Bxe7 41. dxe7 Kh6 42. e8=Q Kg7 43. c5 Kh6 44. Kf6 Kh7 45. c6 Kh6 46. Qg6# 1-0

[Event "Challenge"]
[Site "http://www.queenalice.com/game.php?id=248739"]
[Date "2007.7.31"]
[Round "-"]
[White "bruno1970"]
[Black "FOS2006"]
[Result "1-0"]
[WhiteElo "1500"]
[BlackElo "1589"]

1. e4 e5 2. Nf3 d6 3. Bc4 Bg4 4. Nc3 Nd7 5. d4 exd4 6. Qxd4 Bxf3 7. gxf3 Be7 8.
Qxg7 Ne5 9. Qxh8 Nxc4 10. Qxg8+ Bf8 11. Qxh7 Ne5 12. Qf5 Qe7 13. Bg5 Qd7 14.
Qxd7+ Nxd7 15. Nd5 Rc8 16. Nf6+ Nxf6 17. Bxf6 Kd7 18. h4 Re8 19. Kd2 Re6 20. Bd4
c5 21. Be3 Bg7 22. h5 Bh6 23. Bxh6 Rxh6 24. Rag1 Ke7 25. Rg5 Kf6 26. Rf5+ Ke6
27. Rg1 d5 28. Rg7 dxe4 29. fxe4 Ke7 30. Rgxf7+ Ke6 31. Rg7 Kd6 32. Rg6+ Rxg6
33. hxg6 b5 34. g7 Ke7 35. g8=Q Kd6 36. Qg6+ Ke7 37. Rf7+ Ke8 38. Qg8# 1-0

[Event "AUTO-OPEN-767"]
[Site "http://www.queenalice.com/game.php?id=248855"]
[Date "2007.7.31"]
[Round "1"]
[White "bruno1970"]
[Black "ZERDAX"]
[Result "1-0"]
[WhiteElo "1886"]
[BlackElo "1576"]

1. e4 e5 2. Nf3 Nc6 3. d4 exd4 4. Nxd4 Ne5 5. Nc3 Bc5 6. Nb3 Nf6 7. Nxc5 d6 8.
Nd3 O-O 9. Nxe5 dxe5 10. Qxd8 Rxd8 11. Bg5 Be6 12. Be2 h6 13. Be3 c6 14. O-O b6
15. Rfd1 Bg4 16. Bxg4 Nxg4 17. Bd2 f5 18. f3 Nf6 19. exf5 Kf7 20. Be3 Nd5 21.
Nxd5 cxd5 22. c3 Kf6 23. g4 h5 24. h3 Rd7 25. h4 Rad8 26. Bg5+ Kf7 27. Bxd8 Rxd8
28. Rd2 hxg4 29. fxg4 1-0

[Event "AUTO-OPEN-767"]
[Site "http://www.queenalice.com/game.php?id=248856"]
[Date "2007.7.31"]
[Round "1"]
[White "ZERDAX"]
[Black "bruno1970"]
[Result "0-1"]
[WhiteElo "1574"]
[BlackElo "1864"]

1. e4 e6 2. d4 d5 3. Nc3 Bb4 4. Bd2 c5 5. Nf3 cxd4 6. Nxd4 dxe4 7. Bb5+ Bd7 8.
Nxe4 Be7 9. O-O a6 10. Ba4 Bxa4 11. b3 Bc6 12. Ng3 Qxd4 13. c3 Qd5 14. f3 Nf6
15. Bf4 O-O 16. Bc7 Bd8 17. Bf4 Bb6+ 18. Kh1 Nbd7 19. Qc2 e5 20. Bg5 h6 21. Rad1
Qe6 22. Bh4 g5 23. Bxg5 hxg5 24. f4 gxf4 25. Ne2 Qg4 0-1

[Event "AUTO-OPEN-767"]
[Site "http://www.queenalice.com/game.php?id=248857"]
[Date "2007.7.31"]
[Round "1"]
[White "bruno1970"]
[Black "KOSTENIUK"]
[Result "0-1"]
[WhiteElo "1910"]
[BlackElo "1889"]

1. e4 c5 2. Nf3 g6 3. d4 Bg7 4. Nc3 cxd4 5. Nxd4 Nc6 6. Be3 e6 7. Ndb5 Bxc3+ 8.
Nxc3 Nf6 9. Be2 O-O 10. O-O d5 11. exd5 Nxd5 12. Nxd5 Qxd5 13. Qxd5 exd5 14. c3
Bf5 15. g4 Be6 16. Rad1 Kg7 17. Rd2 Rad8 18. b3 b6 19. Rfd1 Ne5 20. h3 Rd7 21.
Bd4 f6 22. Kg2 g5 0-1

[Event "AUTO-OPEN-767"]
[Site "http://www.queenalice.com/game.php?id=248858"]
[Date "2007.7.31"]
[Round "1"]
[White "KOSTENIUK"]
[Black "bruno1970"]
[Result "1-0"]
[WhiteElo "1870"]
[BlackElo "1947"]

1. Nf3 d5 2. c4 e6 3. cxd5 exd5 4. d4 Nf6 5. Bg5 Nbd7 6. e3 Be7 7. Bd3 h6 8.
Bxf6 Nxf6 9. Nbd2 O-O 10. O-O b6 11. Qc2 Bb7 12. Rac1 Bd6 13. e4 dxe4 14. Bxe4
Nxe4 15. Nxe4 Bf4 16. Rcd1 f5 17. Ng3 Bxf3 18. gxf3 Qd5 19. Kg2 Qxa2 20. Nxf5
Qf7 21. Ng3 Rae8 22. Rde1 Rxe1 23. Rxe1 Bxg3 24. hxg3 Qxf3+ 25. Kg1 1-0

[Event "Challenge"]
[Site "http://www.queenalice.com/game.php?id=249267"]
[Date "2007.8.1"]
[Round "-"]
[White "bruno1970"]
[Black "brunoparadisi"]
[Result "0-1"]
[WhiteElo "1899"]
[BlackElo "1851"]

1. e4 c6 2. d4 d5 3. exd5 cxd5 4. c4 Nf6 5. Nc3 e6 6. Nf3 Be7 7. cxd5 Nxd5 8.
Bd3 a6 9. O-O b5 10. Qc2 Nb4 11. Qe2 Nxd3 12. Qxd3 Bb7 13. Nxb5 axb5 14. Qxb5+
Bc6 15. Qb3 O-O 16. Be3 Bxf3 17. gxf3 Bg5 18. f4 Bf6 19. Qb7 Qd5 20. Qxd5 exd5
21. Rfc1 Na6 22. a3 Rfc8 23. Kf1 Rxc1+ 24. Rxc1 Kf8 25. Ke2 Ke7 26. Rc2 Kd7 27.
b4 Nc7 28. Rc3 Be7 29. Bc1 Ne6 30. Be3 Rc8 31. Kd2 Rxc3 32. Kxc3 Kc6 33. a4 f5
34. Kb3 Bd6 35. Kc3 Nxf4 0-1

[Event "AUTO-ADV-620"]
[Site "http://www.queenalice.com/game.php?id=260243"]
[Date "2007.8.23"]
[Round "1"]
[White "bruno1970"]
[Black "IvanIrk"]
[Result "0-1"]
[WhiteElo "1693"]
[BlackElo "1751"]

1. e4 e5 2. Nf3 d6 3. d4 Nf6 4. Nc3 Nbd7 5. Bc4 h6 6. dxe5 dxe5 7. O-O Nc5 8.
Bxf7+ Ke7 9. Qxd8+ Kxd8 10. Nxe5 Ncxe4 11. Nxe4 Nxe4 12. Ng6 Bf5 13. Nxh8 Bd6
14. Bg6 Bxg6 15. Nxg6 Kd7 16. Bf4 Bc5 17. Rad1+ Kc6 18. Ne5+ Kb6 19. Nd7+ Kc6
20. Nxc5 Nxc5 21. Rfe1 b6 0-1

[Event "AUTO-ADV-620"]
[Site "http://www.queenalice.com/game.php?id=260244"]
[Date "2007.8.23"]
[Round "1"]
[White "IvanIrk"]
[Black "bruno1970"]
[Result "1-0"]
[WhiteElo "1765"]
[BlackElo "1678"]

1. e4 d5 2. e5 Bf5 3. d4 e6 4. c3 c5 5. b3 Nc6 6. Bb5 Qc7 7. Nf3 a6 8. Be2 h6 9.
O-O O-O-O 10. Be3 cxd4 11. Bxd4 Nge7 12. Nbd2 g5 13. h3 g4 14. hxg4 Bxg4 15. a4
Ng6 16. Nh2 Bxe2 17. Qxe2 Ncxe5 18. f4 Nd7 19. Bxh8 Nxh8 20. Ng4 Kb8 21. Rac1 h5
22. Ne3 1-0

[Event "AUTO-ADV-620"]
[Site "http://www.queenalice.com/game.php?id=260245"]
[Date "2007.8.23"]
[Round "1"]
[White "bruno1970"]
[Black "chrisnorman"]
[Result "0-1"]
[WhiteElo "1845"]
[BlackElo "1767"]

1. e4 d5 2. exd5 Qxd5 3. Nc3 Qd6 4. d4 Nc6 5. d5 Nb4 6. a3 Na6 7. Nf3 Bg4 8. Be2
Bxf3 9. Bxf3 O-O-O 10. O-O e6 11. Qd4 c5 12. Qa4 e5 0-1

[Event "AUTO-ADV-631"]
[Site "http://www.queenalice.com/game.php?id=264582"]
[Date "2007.8.31"]
[Round "1"]
[White "bruno1970"]
[Black "terry52"]
[Result "0-1"]
[WhiteElo "1815"]
[BlackElo "2124"]

1. e4 c6 2. d4 d5 3. Nc3 dxe4 4. Nxe4 Nd7 5. Bc4 Ngf6 6. Ng5 e6 7. Qe2 Nb6 8.
Bb3 Bd6 9. N1f3 O-O 10. Ne5 h6 11. Ngf3 Nbd5 0-1

[Event "AUTO-ADV-631"]
[Site "http://www.queenalice.com/game.php?id=264583"]
[Date "2007.8.31"]
[Round "1"]
[White "terry52"]
[Black "bruno1970"]
[Result "1-0"]
[WhiteElo "2127"]
[BlackElo "1810"]

1. d4 Nf6 2. c4 g6 3. Nc3 d5 4. cxd5 Nxd5 5. e4 Nxc3 6. bxc3 Bg7 7. Nf3 c5 8.
Bb5+ Bd7 9. Bxd7+ Qxd7 10. O-O O-O 11. Be3 1-0